UBT Library

Divorce in psychosocial perspective : (Record no. 38921)

000 -LEADER
fixed length control field 00750pam a2200229 a 4500
001 - CONTROL NUMBER
control field 4870064
005 - DATE AND TIME OF LATEST TRANSACTION
control field 20171214044219.0
008 - FIXED-LENGTH DATA ELEMENTS--GENERAL INFORMATION
fixed length control field 920925s1993 nju b 001 0 eng
010 ## - LIBRARY OF CONGRESS CONTROL NUMBER
LC control number 92033412
020 ## - INTERNATIONAL STANDARD BOOK NUMBER
International Standard Book Number 0805803475
040 ## - CATALOGING SOURCE
Original cataloging agency DLC
Transcribing agency DLC
Modifying agency DLC
041 ## - LANGUAGE CODE
Language code of text/sound track or separate title eng
080 ## - UNIVERSAL DECIMAL CLASSIFICATION NUMBER
Universal Decimal Classification number 306.89 GUT
082 00 - DEWEY DECIMAL CLASSIFICATION NUMBER
Classification number 306.89 GUT
Edition number 20
100 1# - Rafti
Rafti 48
101 ## - Shkurtesa
Shkurtesa PSI
245 10 - TITLE STATEMENT
Title Divorce in psychosocial perspective :
Statement of responsibility, etc by Joseph Guttmann.
504 ## - BIBLIOGRAPHY, ETC. NOTE
Bibliography, etc Includes bibliographical references (p. 202-231) and indexes.
906 ## - LOCAL DATA ELEMENT F, LDF (RLIN)
a 7
b cbc
c orignew
d 1
e ocip
f 19
g y-gencatlg
942 ## - ADDED ENTRY ELEMENTS (KOHA)
Source of classification or shelving scheme
Item type Books
Holdings
Withdrawn status Lost status Source of classification or shelving scheme Damaged status Not for loan Collection code Permanent location Current location Shelving location Date acquired Total Checkouts Full call number Barcode Date last seen Price effective from Koha item type
          Koleksioni i përgjithshem UBT - Lipjan UBT - Lipjan Koleksioni i përgjithshem 12/14/2017   306.89 GUT 002-29393 12/14/2017 12/14/2017 Books
UBT Library © 2015-2024. All rights reserved University Education for Business and Technology